Statistics for New York City Points of Interest

Click here to take the quiz!

General Stats

  • This quiz has been taken 64 times
  • The average score is 7 of 15

Answer Stats

Rank Destination % Correct
2Empire State Building
97%
1Central Park
88%
3Statue of Liberty
88%
5Times Square
85%
6September 11 Memorial
61%
12Brooklyn Bridge
61%
14Ellis Island
51%
7Rockefeller Center
46%
8Grand Central Terminal
37%
13Guggenheim Museum
32%
4Metropolitan Museum of Art
24%
11High Line
24%
10Museum of Modern Art
22%
15Radio City Music Hall
12%
9American Museum of Natural History
3%

Score Distribution

Percentile by Number Answered

Percent of People with Each Score

Your Score History

You have not taken this quiz